Online
Catalog
Normal view MARC view

Entry Término temático

Number of records used in: 1

001 - NÚMERO DE CONTROL

  • campo de control: 75720

003 - IDENTIFICADOR DEL NÚMERO DE CONTROL

  • campo de control: OSt

005 - FECHA Y HORA DE LA ÚLTIMA TRANSACCIÓN

  • campo de control: 20200615040421.0

008 - DATOS DE LONGITUD FIJA

  • campo de control de longitud fija: 200615|| aca||aabn | a|a d

040 ## - FUENTE DE LA CATALOGACIÓN

  • Centro catalogador/agencia de origen: OSt
  • Centro/agencia transcriptor: OSt

150 ## - ENCABEZAMIENTO--TÉRMINO DE MATERIA

  • Término de materia o nombre geográfico como elemento de entrada: EDUCACIÓN SUPERIOR
  • Subdivisión geográfica: REPÚBLICA DOMINICANA
  • Subdivisión general: HISTORIA
  • Subdivisión cronológica: 2005-2014

670 ## - FUENTE DE DATOS ENCONTRADOS

  • Cita de la fuente: Work cat.: (OSt)47792: República Dominicana : Ministerio de Educación Superior Ciencia y Tecnología 56809, Informe general sobre estadísticas de educación superior 2013 y 2014 y resumen histórico 2005-2014 /, 2016.

Powered by Koha